00889nam a22002535i 450000100060000000300090000600500170001500700030003200800410003502000180007604000220009408000270011610000270014324501000017025000150027026000400028530000380032550400320036365000390039570000290043485200330046399900170049695201220051312010ES-MaACL20230906150223.0t|930304s1993 sp ||||0| spa j a84-86233-46-1 aM-BN bspa cM-BN a7.033.2(560 Capadocia)1 aLafora, Carlos.96950810aTras las huellas del arte rupestre en Capadocia (Turquía) / cCarlos Lafora, Victoria Bastos. a[1ª ed.]. aMadrid : bTierra de Fuego, c1993. a179 p : bil. col. y n ; c22 cm. aBibliografía: p. 176-178.14aArte bizantino-zCapadocia.9101701 aBastos, Victoria.926380 aES-MaACLjL-19331 bR.122688 c12010d12010 00104070aATENEOMbATENEOMcDEPO2d2008-01-17eSCl0oL-19331p1012237r2023-02-23 00:00:00w2023-02-23yMONOGRAFIA